000 00994nam a2200277Ia 4500
005 20220316235331.0
008 121119s1999 ck a jr 000 j spa
020 _a958300345X
041 0 _aspa
100 1 _aRomán, Celso,
_d1947-
245 1 3 _aEl libro de las ciudades
_bcompilación de un recorrido por lugares no imaginados
_cCelso Román ; ilustraciones, J. Aberto Motta Marroquín y Rocío Parra Parra
250 _aSegunda edición
264 1 _aBogotá
_bPanamericana
_c1999
300 _a176 páginas
_bilustraciones
_c23 cm.
336 _atexto
_btxt
_2rdacontent
337 _asin mediación
_bn
_2rdamedia
338 _avolumen
_bnc
_2rdacarrier
490 0 _aLiteratura juvenil
650 1 4 _2LEMB
_aLiteratura juvenil colombiana
650 1 4 _2LEMB
_aCuentos colombianos
700 1 _aMotta Marroquín, J. Alberto
_eilustrador
_9117787
700 1 _aParra Parra, Rocío
_eilustrador
_9117788
942 _2loc
_cBKLIT
040 _aCO-BoRNBP
_bspa
_erda
_cCO-BoRNBP
084 _aC ROM1
999 _c637
_d637